تأثير اللغة العربية فى بنية اللغة السواحيلية
Saved in:
| 主要作者: | |
|---|---|
| 其他作者: | |
| 格式: | Thesis |
| 语言: | Arabic |
| 出版: |
خرطوم
: معهد خرطوم دولى غة عربية،
1990
|
| 主题: | |
| 标签: |
添加标签
没有标签, 成为第一个标记此记录!
|
| LEADER | 011200000a22002890004500 | ||
|---|---|---|---|
| 001 | 89546 | ||
| 005 | 20021115000200.0 | ||
| 008 | 940203s1990 ara | ||
| 035 | |a 295896 | ||
| 035 | |a (Sirsi) 89546 | ||
| 040 | |a UIAM |b eng | ||
| 049 | |b m | ||
| 050 | |a PJ6074 | ||
| 100 | 1 | |a عمر، هلال محمد | |
| 245 | 1 | 0 | |a تأثير اللغة العربية فى بنية اللغة السواحيلية |
| 246 | 0 | 0 | |a Ta'thir al-lughah al-'Arabiyah fi binyat al-lughah al-Sawahiliyah / |c i'dad Hilal Muhammad 'Umar; ishraf Yusuf al-Khalifah Abu Bakr |
| 260 | 1 | |a خرطوم |b : معهد خرطوم دولى غة عربية، |c 1990 | |
| 300 | |a 98 p. | ||
| 502 | |a (M.A)--Ma'had al-Khurtum al-Dawli lil-Lughat al-'Arabiyah, 1990 | ||
| 596 | |a 1 | ||
| 650 | 0 | |a Arabic language |x Influence on Swahili | |
| 650 | 0 | |a Swahili language - Foreign elements - Arabic | |
| 655 | 0 | 7 | |a Theses, non-IIUM |
| 700 | 1 | |a 'Umar, Hilal Muhammad | |
| 900 | |a abu-khs | ||
| 999 | |c 430623 |d 462114 | ||
| 952 | |0 0 |6 T PJ 006074 U48T |7 0 |8 THESES |9 749895 |a IIUM |b IIUM |c MULTIMEDIA |g 0.00 |o t PJ6074U48T |p 00000295897 |r 2017-10-20 |t 1 |v 0.00 |y THESIS | ||
